|
|
|
|
| LEADER |
00000nam a2200000 a 4500 |
| 001 |
vtls010262935 |
| 003 |
SK-MaSNL |
| 005 |
20260301084324.0 |
| 008 |
240318s2010 xo a g 000 0 slo |
| 015 |
|
|
|a SNBA2011/07-03769
|
| 020 |
|
|
|a 9788089261369
|q (brož.)
|
| 035 |
|
|
|a 9E62AAA3-39B8-4ADD-9200-BF1DEEC51F40
|
| 035 |
|
|
|a urn:nbn:sk:snk-amjh7t
|
| 035 |
|
|
|a urn:nbn:sk:snk-am001sn5
|
| 040 |
|
|
|a SNK
|b slo
|c SNK
|e AACR2
|
| 041 |
0 |
|
|a slo
|
| 044 |
|
|
|a xo
|c SK
|
| 072 |
|
7 |
|a 2-23/-27
|x Bibilia. Biblistika
|2 konspekt
|
| 072 |
|
7 |
|a 27-5
|x Liturgia. Kresťanské umenie a symbolika. Duchovný život
|2 konspekt
|
| 080 |
|
|
|a 27-247
|2 2001
|
| 080 |
|
|
|a (0:82-4)
|2 2001
|
| 080 |
|
|
|a 27-565.3
|2 2001
|
| 080 |
|
|
|a 27-565.2
|2 2001
|
| 080 |
|
|
|a 2-528
|2 2001
|
| 080 |
|
|
|a 27-564
|2 2001
|
| 100 |
1 |
|
|a Rábek, František,
|d 1949-
|4 aut
|9 249734
|
| 245 |
1 |
0 |
|a Svetlo adventných a vianočných dní
|b zamyslenia k textom dňa
|c František Rábek ; [ilustrácie: Vincent Hložník]
|
| 260 |
|
|
|a Marianka
|b Ordinariát ozbrojených síl a ozbrojených zborov Slovenskej republiky
|c 2010
|
| 300 |
|
|
|a 239 s.
|b ilustr.
|c 21 cm
|e 1 CD-ROM
|
| 630 |
0 |
7 |
|a Biblia
|p Evanjeliá
|2 SNKPH
|9 162776
|
| 630 |
0 |
7 |
|a Bible
|p Gospels
|2 SNKPHeng
|9 101801
|
| 650 |
0 |
7 |
|a liturgia
|2 SNKPH
|9 1990
|
| 650 |
0 |
7 |
|a Vianoce
|2 SNKPH
|9 3412
|
| 650 |
0 |
7 |
|a advent
|2 SNKPH
|9 738
|
| 650 |
0 |
7 |
|a Liturgy
|2 SNKPHeng
|9 268267
|
| 650 |
0 |
7 |
|a cirkevný rok
|2 SNKPH
|9 739
|
| 650 |
0 |
7 |
|a Church year
|2 SNKPHeng
|9 265839
|
| 650 |
0 |
7 |
|a Christmas
|2 SNKPHeng
|9 304887
|
| 655 |
|
7 |
|a úvahy
|2 SNKPH
|9 29403
|
| 655 |
|
7 |
|a Essays
|2 SNKPHeng
|9 267540
|
| 700 |
1 |
|
|a Hložník, Vincent,
|d 1919-1997
|4 ill
|9 107708
|
| 852 |
|
|
|a Štátna vedecká knižnica v Banskej Bystrici
|
| 919 |
|
|
|a 978-80-89261-36-9
|
| 958 |
|
|
|a NT
|
| 958 |
|
|
|a OND
|
| 968 |
|
|
|d 2
|
| 999 |
|
|
|c 663113
|d 665043
|
| 952 |
|
|
|a SNK
|b SNK
|y PREZ
|7 0
|p 17A0695676
|o snkSC 144858
|i snk2011/7719
|8 0
|3 Príloha: 1 audio CD
|0 0
|1 0
|4 0
|d 2011-04-05
|l 0
|r 2025-07-14 00:00:00
|w 2026-02-23
|
| 952 |
|
|
|a SNK
|b SNK
|y PREZ
|7 0
|p 17A0695677
|o snkSC 144858/príl.
|i snk2011/7719
|8 0
|3 Príloha: 1 audio CD
|z Príloha
|0 0
|1 0
|4 0
|d 2011-04-05
|l 0
|r 2025-07-14 00:00:00
|w 2026-02-23
|
| 952 |
|
|
|a SNK
|b SNK
|y VYP
|7 0
|p 17A0695678
|o snkSC 144858 D1
|i snk2011/7720
|8 0
|3 Príloha: 1 audio CD
|0 0
|1 0
|4 0
|d 2011-04-05
|f 1
|l 0
|r 2026-02-23 18:59:51
|w 2026-02-23
|
| 952 |
|
|
|a SNK
|b SNK
|y PREZ
|7 0
|p 17A0695679
|o snkSC 144858/príl. D1
|i snk2011/7720
|8 0
|3 Príloha: 1 audio CD
|z Príloha
|0 0
|1 0
|4 0
|d 2011-04-05
|l 0
|r 2026-02-23 18:59:51
|w 2026-02-23
|